<?xml version="1.0" encoding="UTF-8"?>
<record
    xmlns:xsi="http://www.w3.org/2001/XMLSchema-instance"
    xsi:schemaLocation="http://www.loc.gov/MARC21/slim http://www.loc.gov/standards/marcxml/schema/MARC21slim.xsd"
    xmlns="http://www.loc.gov/MARC21/slim">

  <leader>01145nam a22001697a 4500</leader>
  <controlfield tag="003">IT-RoPau</controlfield>
  <controlfield tag="005">20220918181222.0</controlfield>
  <controlfield tag="008">140927b        xxu||||| |||| 00| 0 eng d</controlfield>
  <datafield tag="040" ind1=" " ind2=" ">
    <subfield code="c">IT-RoPau</subfield>
  </datafield>
  <datafield tag="100" ind1=" " ind2=" ">
    <subfield code="a">Istituto Regina Apostolorum (Apostoline)</subfield>
    <subfield code="9">33961</subfield>
  </datafield>
  <datafield tag="245" ind1=" " ind2=" ">
    <subfield code="a">Se vuoi...  - 1961</subfield>
    <subfield code="b">Vieni e seguimi</subfield>
  </datafield>
  <datafield tag="260" ind1=" " ind2=" ">
    <subfield code="a">Castelgandolfo (Roma)</subfield>
    <subfield code="b">Istituto Regina Apostolorum (Apostoline)</subfield>
    <subfield code="c">1961</subfield>
  </datafield>
  <datafield tag="300" ind1=" " ind2=" ">
    <subfield code="c">18,5 cm</subfield>
  </datafield>
  <datafield tag="490" ind1=" " ind2=" ">
    <subfield code="a">Se vuoi...</subfield>
    <subfield code="v">Anno II - n. 1 - 1861</subfield>
  </datafield>
  <datafield tag="520" ind1=" " ind2=" ">
    <subfield code="a">Indice
Anno II &#x2013; n. 1
G. A. &#x2013; P.  Silvani &#x2013; G. Romani &#x2013; Ara &#x2013; I. Palma &#x2013; N. S. &#x2013; S. M. C. &#x2013; I. V. &#x2013; Padre Leo Close &#x2013; Suor Anna Joachim &#x2013; N. Durante &#x2013; P. Sereno &#x2013; R. C.
Anno II &#x2013; n. 2
P. Silvani &#x2013; Sac. G. Alberione &#x2013; Ara &#x2013; Nicoletti &#x2013; I. V. &#x2013; G. Romani &#x2013; N. S. &#x2013; Jos&#xE8; Luis Martin Descalzo &#x2013; Gratry &#x2013; G. B. &#x2013; Barcellini &#x2013; Padre Sereno &#x2013; Mazza
Anno II &#x2013; n. 3
Sac. G. Alberione &#x2013; P. Silvani &#x2013; C. Carretto &#x2013; Ara &#x2013; I. Palma &#x2013; F. Muller De Hauser &#x2013; Jos&#xE8; Maria Descalzo &#x2013; M. V. &#x2013; G. Romani &#x2013; P. Sereno
Anno II &#x2013; n. 4
P. Silvani &#x2013; P. Sereno &#x2013; P. Zecchinati PSSP. Messico
</subfield>
  </datafield>
  <datafield tag="942" ind1=" " ind2=" ">
    <subfield code="2">ddc</subfield>
    <subfield code="c">BK</subfield>
  </datafield>
  <datafield tag="999" ind1=" " ind2=" ">
    <subfield code="c">104495</subfield>
    <subfield code="d">104495</subfield>
  </datafield>
  <datafield tag="952" ind1=" " ind2=" ">
    <subfield code="0">0</subfield>
    <subfield code="1">0</subfield>
    <subfield code="2">ddc</subfield>
    <subfield code="4">0</subfield>
    <subfield code="6">P_E2</subfield>
    <subfield code="7">1</subfield>
    <subfield code="a">PAULUS</subfield>
    <subfield code="b">PAULUS</subfield>
    <subfield code="d">2014-09-27</subfield>
    <subfield code="l">0</subfield>
    <subfield code="o">P E2</subfield>
    <subfield code="r">2014-09-27 00:00:00</subfield>
    <subfield code="w">2014-09-27</subfield>
    <subfield code="y">BK</subfield>
  </datafield>
  <datafield tag="952" ind1=" " ind2=" ">
    <subfield code="0">0</subfield>
    <subfield code="1">0</subfield>
    <subfield code="2">ddc</subfield>
    <subfield code="4">0</subfield>
    <subfield code="6">P_E2</subfield>
    <subfield code="7">1</subfield>
    <subfield code="a">PAULUS</subfield>
    <subfield code="b">PAULUS</subfield>
    <subfield code="d">2014-09-27</subfield>
    <subfield code="l">0</subfield>
    <subfield code="o">P E2</subfield>
    <subfield code="r">2014-09-27 00:00:00</subfield>
    <subfield code="w">2014-09-27</subfield>
    <subfield code="y">BK</subfield>
  </datafield>
</record>
